[Event "World Amateur-ch U2000"]
[Site "Cagliari"]
[Date "2018.04.24"]
[Round "4"]
[White "Bianchetti, Raoul"]
[Black "Bonali, Leonardo"]
[Result "1/2-1/2"]
[WhiteElo "1974"]
[BlackElo "1901"]
[PlyCount "58"]
[EventDate "2018.04.22"]
[EventType "swiss"]
[EventRounds "9"]
[EventCountry "ITA"]
[SourceTitle "CBM 184 Extra"]
[Source "ChessBase"]
[SourceDate "2018.06.28"]
[SourceVersion "1"]
[SourceVersionDate "2018.06.28"]
[SourceQuality "1"]

1. d4 d5 2. e3 Nf6 3. Bd3 Bg4 4. Be2 Bxe2 5. Qxe2 c6 6. Nd2 Nbd7 7. f4 e6 8. Ngf3 c5 9. 0-0 Qc7 10. c3 Be7 11. Ne5 0-0 12. Kh1 a6 13. Rf3 b5 14. a3 b4 15. axb4 cxb4 16. c4 dxc4 17. Nexc4 Rfc8 18. e4 Nb6 19. b3 a5 20. Nxb6 Qxb6 21. Bb2 Qb7 22. Qd3 Qc6 23. Rc1 Qb7 24. Rff1 Rxc1 25. Rxc1 Rc8 26. Kg1 Qc6 27. g3 a4 28. bxa4 Qxa4 29. Qb1 Qa6 1/2-1/2

[Event "Budapest FS06 FM-A"]
[Site "Budapest"]
[Date "2011.06.10"]
[Round "7"]
[White "Bianchetti, Raoul"]
[Black "Ritter, Gabor"]
[Result "1/2-1/2"]
[WhiteElo "1986"]
[BlackElo "2083"]
[PlyCount "53"]
[EventDate "2011.06.04"]
[EventType "tourn"]
[EventRounds "11"]
[EventCountry "HUN"]
[SourceTitle "CBM 142 Extra"]
[Source "ChessBase"]
[SourceDate "2011.06.27"]
[SourceVersion "1"]
[SourceVersionDate "2011.06.27"]
[SourceQuality "1"]

1. d4 Nf6 2. f4 d5 3. Nf3 c5 4. e3 g6 5. c3 Bg7 6. Bd3 c4 7. Bc2 Bf5 8. 0-0 Bxc2 9. Qxc2 Ne4 10. Nbd2 Nxd2 11. Bxd2 f5 12. b3 Qc8 13. Rab1 b5 14. bxc4 bxc4 15. Rb5 e6 16. Rfb1 0-0 17. Bc1 Nd7 18. Ba3 Re8 19. Qa4 Qc6 20. Qa5 Bf6 21. Bc5 Bd8 22. Qa3 Bb6 23. Bxb6 axb6 24. Qb2 Ra6 25. Ne5 Nxe5 26. fxe5 Rb8 27. a3 1/2-1/2

[Event "Budapest FS06 FM-A"]
[Site "Budapest"]
[Date "2011.06.09"]
[Round "6"]
[White "Darazs, Zoltan"]
[Black "Bianchetti, Raoul"]
[Result "1-0"]
[WhiteElo "2203"]
[BlackElo "1986"]
[PlyCount "101"]
[EventDate "2011.06.04"]
[EventType "tourn"]
[EventRounds "11"]
[EventCountry "HUN"]
[SourceTitle "CBM 142 Extra"]
[Source "ChessBase"]
[SourceDate "2011.06.27"]
[SourceVersion "1"]
[SourceVersionDate "2011.06.27"]
[SourceQuality "1"]

1. e4 d5 2. exd5 Qxd5 3. c4 Qd6 4. d4 Nf6 5. Nc3 c6 6. Be2 Bf5 7. Nf3 Nbd7 8. 0-0 e6 9. Qb3 Qc7 10. g3 Bd6 11. c5 Be7 12. Bf4 Qc8 13. Rfe1 Bg4 14. Ne5 Bxe2 15. Rxe2 0-0 16. Nc4 Re8 17. Bd6 Bd8 18. Rae1 b5 19. Ne5 Nf8 20. Ne4 Nxe4 21. Rxe4 Bc7 22. Bxf8 Bxe5 23. dxe5 Rxf8 24. Rd4 a5 25. Rd6 Qc7 26. Qf3 Rac8 27. Red1 h6 28. Qd3 a4 29. a3 Qa5 30. Qd4 Rb8 31. Rxc6 b4 32. Rd6 bxa3 33. bxa3 Rb5 34. Rc1 Rc8 35. c6 Rxe5 36. Kg2 Rd5 37. Rxd5 Qxd5+ 38. Qxd5 exd5 39. Kf3 Kf8 40. Ke3 Ke7 41. Kd4 Kd6 42. c7 f5 43. Rc5 g5 44. Rxd5+ Ke6 45. Rc5 h5 46. Kc4 Kd6 47. Kb5 h4 48. Kb6 hxg3 49. hxg3 f4 50. Kb7 fxg3 51. fxg3 1-0

[Event "Budapest FS06 FM-A"]
[Site "Budapest"]
[Date "2011.06.08"]
[Round "5"]
[White "Bianchetti, Raoul"]
[Black "Xu, Fei"]
[Result "0-1"]
[WhiteElo "1986"]
[BlackElo "1951"]
[PlyCount "53"]
[EventDate "2011.06.04"]
[EventType "tourn"]
[EventRounds "11"]
[EventCountry "HUN"]
[SourceTitle "CBM 142 Extra"]
[Source "ChessBase"]
[SourceDate "2011.06.27"]
[SourceVersion "1"]
[SourceVersionDate "2011.06.27"]
[SourceQuality "1"]

1. d4 d5 2. e3 Nf6 3. Bd3 Bg4 4. Be2 Bxe2 5. Qxe2 c6 6. Nd2 e6 7. c3 Nbd7 8. f4 Bd6 9. Ngf3 h6 10. b3 Qc7 11. g3 c5 12. Bb2 0-0 13. 0-0 a6 14. Ne5 Bxe5 15. fxe5 Nh7 16. e4 Ng5 17. Rac1 Qc6 18. exd5 exd5 19. h4 Ne6 20. Rce1 Rae8 21. Ba3 f6 22. Nf3 Qc7 23. Kg2 Qa5 24. exf6 Nf4+ 25. gxf4 Rxe2+ 26. Rxe2 Qxa3 27. fxg7 0-1

[Event "Budapest FS06 FM-A"]
[Site "Budapest"]
[Date "2011.06.04"]
[Round "1"]
[White "Bianchetti, Raoul"]
[Black "Havaskori, Laszlo"]
[Result "1-0"]
[WhiteElo "1986"]
[BlackElo "2084"]
[PlyCount "127"]
[EventDate "2011.06.04"]
[EventType "tourn"]
[EventRounds "11"]
[EventCountry "HUN"]
[SourceTitle "CBM 142 Extra"]
[Source "ChessBase"]
[SourceDate "2011.06.27"]
[SourceVersion "1"]
[SourceVersionDate "2011.06.27"]
[SourceQuality "1"]

1. d4 d5 2. Nf3 e6 3. Bf4 Bd6 4. Bg3 f5 5. Bxd6 Qxd6 6. c3 Nd7 7. e3 Ngf6 8. Nbd2 c6 9. a3 Ne4 10. c4 0-0 11. g3 b6 12. Bg2 Bb7 13. 0-0 a5 14. Qc2 Nxd2 15. Nxd2 a4 16. Rfd1 b5 17. c5 Qe7 18. f4 Ra7 19. Nf3 Qf6 20. Qf2 h6 21. Rac1 Qd8 22. Ne1 Ra8 23. Nd3 Rc8 24. Rd2 Kh7 25. h3 Qf6 26. Kh2 Rg8 27. Rf1 g6 28. Bf3 Rg7 29. g4 Qe7 30. gxf5 exf5 31. Qe1 Re8 32. Re2 Qf6 33. Rg2 Reg8 34. Bd1 Qe7 35. Bc2 Qf6 36. h4 Qe7 37. Qg3 Bc8 38. Nb4 Qf6 39. Qh3 Nf8 40. Nd3 Nd7 41. Ne1 Nf8 42. Nf3 h5 43. Qg3 Kh6 44. Ne5 Bd7 45. Bd1 Be8 46. Kh3 Nd7 47. Qg5+ Qxg5 48. fxg5+ Kh7 49. Nxc6 Nxc5 50. Nb4 Ne4 51. Rc2 Bd7 52. Kg2 Rc8 53. Rxc8 Bxc8 54. Bf3 Bb7 55. Bxe4 fxe4 56. Rc1 Rf7 57. Rc5 Kg8 58. Rxb5 Bc8 59. Nxd5 Bd7 60. Rb8+ Kg7 61. Nf6 Rxf6 62. gxf6+ Kxf6 63. b4 axb3 64. Rxb3 1-0